000 00678nam a2200289Ia 4500
005 20260324142621.0
008 008 260324s9999 xx 000 0 eng d
020 _a9781315021416
037 _aEBOOK
040 _aCRL
040 _beng
040 _cCRL
041 _2eng
041 _aeng
084 _qCRL
100 _aAndrew Gitlin
_91212618
245 0 _aPower and Method
245 0 _bPolitical Activism and Educational Research
260 _bTaylor and Francis
260 _c1994
365 _a
365 _b245
856 _uhttp://www.taylorfrancis.com/books/9781315021416
942 _cEBOOK
999 _c1817006
_d1817006